La place de l´ homme dans la nature

Guardat en:
Dades bibliogràfiques
Autor principal: Teilhard de Chardin, Pierre
Format: Llibre
Idioma:Undetermined
Publicat: París, Francia Du Seuil 1956
Matèries:
Etiquetes: Afegir etiqueta
Sense etiquetes, Sigues el primer a etiquetar aquest registre!

MARC

LEADER 00000nam a2200000Ia 4500
008 170316s9999 xx 000 0 und d
090 |a 100 T-4pl 
100 |a Teilhard de Chardin, Pierre 
245 |a La place de l´ homme dans la nature 
260 |a París, Francia 
260 |b Du Seuil 
260 |c 1956 
300 |a 173 páginas 
650 |a FILOSOFÍA 
999 |c 17792  |d 17792 
040 |a cru BVZT 
942 |c 15 D  |h 100 T-4pl  |2 z